Statistics for Top 10 Louisiana High School Football Rankings

Click here to take the quiz!

General Stats

  • This quiz has been taken 3 times
  • The average score is 1 of 10

Answer Stats

Answer% Correct
Catholic
67%
Ruston
33%
Zachary
33%
Destrehan
0%
Edna Karr
0%
Lafayette Christian Academy
0%
Many
0%
St. Augustine
0%
Teurlings Catholic
0%
Warren Easton
0%

Score Distribution

Percentile by Number Answered

Percent of People with Each Score

Your Score History

You have not taken this quiz